000 00570nam a2200181 i 4500
001 82722
003 ES-MaACL
005 20230906174725.0
007 t|
008 041111s1958 ag ||||1| spa d
100 1 _aIncio García, Valentín.
_965241
245 1 0 _aTratado de mecanografía teórico-práctica
_b: nociones y ejercicios de típicas /
_cpor Valentín Incio García.
250 _a4ª ed.
260 _aBuenos Aires :
_bG. Gili,
_c1958.
300 _a299 p. :
_bil. ;
_c22 cm.
650 4 _aMecanografía.
_9152009
852 _aES-MaACL
_jC-13791
_bR.41609
999 _c82722
_d82722